[Event "Verden op-A"]
[Site "Verden"]
[Date "2023.01.06"]
[Round "4"]
[White "Stiller, Maximilian"]
[Black "Moeller, Hannah Sophie"]
[Result "1-0"]
[WhiteElo "1599"]
[BlackElo "1778"]
[PlyCount "39"]
[EventDate "2023.01.05"]
[EventType "swiss"]
[EventRounds "7"]
[EventCountry "GER"]
[SourceTitle "CBM 212 Extra"]
[Source "ChessBase"]
[SourceDate "2023.03.31"]
[SourceVersion "1"]
[SourceVersionDate "2023.03.31"]
[SourceQuality "1"]

1. d4 Nf6 2. Nf3 g6 3. Nc3 Bg7 4. e4 d6 5. Be3 c6 6. Qd2 Qa5 7. Bd3 h5 8. Ng5 Ng4 9. h3 Nxe3 10. Qxe3 Bh6 11. f4 Nd7 12. 0-0 0-0 13. e5 dxe5 14. fxe5 Nb6 15. Qg3 f5 16. Ne6 Bxe6 17. Qxg6+ Bg7 18. Qxe6+ Kh8 19. Rxf5 Rxf5 20. Qxf5 1-0